Clubes Judíos - Estadísticas

Estadísticas generales
  • Esta prueba ha sido intentada 20 veces
  • La puntuación promedio es 10 de 16
Estadísticas de respuestas
Iniciales Respuesta % Correcto
C Cissab
92%
H Hacoaj
92%
M Macabi
92%
H Hebraica
85%
BK Bar Kojba
77%
C Circulo
62%
K Kadima
62%
MR Mi Refugio
62%
V El Venado 1
54%
V El Venado 2
54%
L Lamroth Hakol
54%
S Sosiego
54%
B Bami
46%
BA Brit Ajim
46%
SA Scholem Aleijem
46%
C Csis
23%
No se encontraron pruebas coincidentes
Distribución de puntuación
Porcentaje de gente con cada puntuación
Porcentaje por número respondido
Historial de tus puntuaciones
No has intentado esta prueba.